zpět

Detail výsledku týmu

V Sokolovně, Blatná

Datum a čas kvízu

28.5 Celkem bodů Celkový počet nahraných bodů na tomto kvízu bez doplňovacích otázek.
7. Pořadí na kvízu Konečné umístění týmu na tomto kvízu.

Zaznamenané odpovědi

# Otázka Odpověď Body Výsledky
1. Hasiči v pondělí na poslední c... B 1
2. Minulý týden jsme se dozvěděli... C 1
3. Minulý týden potvrdili konec s... David Prachař; Linda Rybová 1
4. Minulý týden byla na technolog... lízátko (Lollipop Star) 1
5. Minulý týden proběhl nejdražší... Matyáš Vojta 0
6. Téma o městě, které nikdy nesp... Flatiron (Building)/žehlička 0
7. Seřaďte uvedené události od té... 1A 2B 3D 4C 0
8. Jak se jmenuje tato americká h... Beastie Boys; No Sleep till Brooklyn 0
9. Turisté v NYC míří nejen do di... 1D 2B 3C 4A 1
10. Jak se jmenuje fiktivní město,... Gotham (City); Bronx 0.5